Kitabut-Tauba (Record no. 269)

MARC details
000 -LEADER
fixed length control field 00541nam a2200241 a 4500
020 ## - INTERNATIONAL STANDARD BOOK NUMBER
ISBN
082 00 - DEWEY DECIMAL CLASSIFICATION NUMBER
Classification number 297.2
Author Cutter GHA1
100 ## - MAIN ENTRY--AUTHOR NAME
Author name Ghazali, Al
245 ## - TITLE STATEMENT
Title Kitabut-Tauba
260 ## - PUBLICATION, DISTRIBUTION, ETC. (IMPRINT)
Place of publication Lebanon
Name of publisher
Year of publication 1934
300 ## - PHYSICAL DESCRIPTION
Number of Pages 40p
500 ## - GENERAL NOTE
General note includes index and biblioraphy
505 2# - FORMATTED CONTENTS NOTE
Formatted contents note reference
650 ## - SUBJECT ADDED ENTRY--TOPICAL TERM
Topical Term Islam-Doctrine-Tauba
942 ## - ADDED ENTRY ELEMENTS (KOHA)
Koha item type Books
700 1# -
-- Ghazali, Al
Holdings
Collection code Home library Current library Date acquired Cost, normal purchase price Full call number Accession Number Koha item type
  Henry Martyn Institute Library Henry Martyn Institute Library 07/05/2007 100.00 297.2 GHA1 04831 Books
                   Copyright © 2026 | Henry Martyn Institute | Hyderabad | TS-500052 | INDIA | Implemented by hmi.edu.in
Hit-Count:

Powered by Koha